| 000 | 00966nam0a22002531 4500 | ||
|---|---|---|---|
| 001 | rc\2624226 | ||
| 005 | 20250623143207.0 | ||
| 035 | _a(NLR Aleph) 006787823 | ||
| 090 |
_a6112214 _c6112214 |
||
| 100 | _a20110914d1931 |||y0rusy50 ca | ||
| 101 | 0 | _arus | |
| 102 | _aRU | ||
| 105 | _aa z ||||| | ||
| 200 | 1 |
_aГорючие материалы для тракторов _eПрименение и методы испытаний _eС 7 рис. _fБ. А. Пагануцци инж. |
|
| 210 |
_aМосква _aЛенинград _cГос. с.-х. изд-во _d1931 _g7-я тип. Мосполиграфа "Искра революции" |
||
| 215 |
_a22 с., [2] с. объявл. _cчерт. _d21х15 см. |
||
| 225 | 1 | _aБиблиотека технического работника | |
| 700 | 1 |
_aПагануцци _bБ.А. |
|
| 801 | 0 |
_aRU _bNLR _gpsbo |
|
| 801 | 1 |
_aRU _bELAR _2rusmarc |
|
| 852 |
_aNLR _j30.10/3982 |
||
| 942 | _cBOOK | ||
| 980 | _aNB | ||